Temas de derecho agrario./ (Registro nro. 8030)

Detalles MARC
000 -LEADER
fixed length control field 01248nam a2200205Ia 4500
005 - FECHA Y HORA DE LA ÚLTIMA TRANSACCIÓN
control field 20250630154655.0
008 - FIXED-LENGTH DATA ELEMENTS--GENERAL INFORMATION
fixed length control field 230506s9999 xx 000 0 und d
040 ## - CATALOGING SOURCE
Original cataloging agency UPAN
Transcribing agency Biblioteca San Vicente
Description conventions RCAA2
041 ## - LANGUAGE CODE
Language code of text/sound track or separate title spa
082 ## - DEWEY DECIMAL CLASSIFICATION NUMBER
Classification number 343.076
Item number A487t
año de publicación 2000
100 ## - MAIN ENTRY--PERSONAL NAME
Personal name Alvarenga, Ivo Príamo
Relator code aut.
245 #0 - TITLE STATEMENT
Title Temas de derecho agrario./
Remainder of title Ivo Prìamo Alvarenga
250 ## - EDITION STATEMENT
Edition statement 1° ed.
260 ## - PUBLICATION, DISTRIBUTION, ETC. (IMPRINT)
Place of publication, distribution, etc El Salvador
260 ## - PUBLICATION, DISTRIBUTION, ETC. (IMPRINT)
Name of publisher, distributor, etc Corte Suprema de Justicia:
Date of publication, distribution, etc 2000,
300 ## - PHYSICAL DESCRIPTION
Extent 208 p.:
Dimensions 21 cm.
505 ## - FORMATTED CONTENTS NOTE
Formatted contents note 1. Consideraciones sobre capacitaciòn en Derecho Agrario para abogados del sector pùblico agrìcola<br/>2. Anexo 1. Anàlisis de una experiencia realizada en la fundaciòn Ciara de Caracas<br/>2. Anexo 2. Programa analitico de la parte general<br/>3. El concepto del Derecho Agrario<br/>4. Estudio jurìdico sobre una posible ley general de reforma agraria o un còdigo agrario<br/>5. Derecho Agrario y proceso agrario. Conveniencia de los tribunales agrarios en El Salvador<br/>6. El Derecho Agrario en El Salvador<br/>7. Significado y alcance del Derecho Agrario<br/>8. El rol del Estado en la creaciòn de la empresa agricola en El Salvador<br/>9. La naturaleza jurìdica de la adjudicaciòn de tierras
650 ## - SUBJECT ADDED ENTRY--TOPICAL TERM
Source of heading or term LEMB
Topical term or geographic name as entry element Derecho Agrario
942 ## - ADDED ENTRY ELEMENTS (KOHA)
Koha item type Libros
Source of classification or shelving scheme Dewey Decimal Classification
Existencias
Withdrawn status Lost status Source of classification or shelving scheme Damaged status Not for loan Collection code Home library Current library Date acquired Total Checkouts Full call number Barcode Date last seen Copy number Price effective from Koha item type
    Dewey Decimal Classification     Colección General Biblioteca UPAN San Vicente Biblioteca UPAN San Vicente 06/05/2023   343.076 A487t 12000659 07/05/2023 02 06/05/2023 Libros
    Dewey Decimal Classification     Colección General Biblioteca UPAN San Vicente Biblioteca UPAN San Vicente 06/05/2023   343.076 A487t 12000658 07/05/2023 03 06/05/2023 Libros
    Dewey Decimal Classification     Colección General Biblioteca UPAN San Vicente Biblioteca UPAN San Vicente 06/05/2023   343.076 A487t 12000660 18/05/2023 01 06/05/2023 Libros